Remember the ladies : (Record no. 8073)

MARC details
000 -LEADER
fixed length control field 01033nam a22003017a 4500
001 - CONTROL NUMBER
control field 8073
003 - CONTROL NUMBER IDENTIFIER
control field FISKH
005 - DATE AND TIME OF LATEST TRANSACTION
control field 20250820161039.0
008 - FIXED-LENGTH DATA ELEMENTS--GENERAL INFORMATION
fixed length control field 250820b cb ||||| |||| 00| 0 eng d
020 ## - INTERNATIONAL STANDARD BOOK NUMBER
International Standard Book Number 0439364264
040 ## - CATALOGING SOURCE
Original cataloging agency FISKH
Language of cataloging eng
Transcribing agency FISKH
Modifying agency FISKH
050 ## - LIBRARY OF CONGRESS CALL NUMBER
Classification number HQ1410 .C67
082 ## - DEWEY DECIMAL CLASSIFICATION NUMBER
Classification number 305.4
100 ## - MAIN ENTRY--PERSONAL NAME
Personal name Harness, Cheryl
245 ## - TITLE STATEMENT
Title Remember the ladies :
Remainder of title 100 great American women /
Statement of responsibility, etc. By Cheryl Harness
250 ## - EDITION STATEMENT
Edition statement First Scholastic printing, March 2002
260 ## - PUBLICATION, DISTRIBUTION, ETC.
Place of publication, distribution, etc. New York :
Name of publisher, distributor, etc. Scholastic,
Date of publication, distribution, etc. 2001.
300 ## - PHYSICAL DESCRIPTION
Extent 64 unnumbered pages :
Other physical details color illustrations ;
Dimensions 27 cm .
505 ## - FORMATTED CONTENTS NOTE
Formatted contents note R <br/>
520 ## - SUMMARY, ETC.
Summary, etc. A chronologically arranged collection of profiles of 100 notable American women, ranging from Virginia Dare to Oprah Winfrey.
521 8# - TARGET AUDIENCE NOTE
Target audience note 750 <br/>
Source Lexile estimate <br/>
521 8# - TARGET AUDIENCE NOTE
Target audience note R <br/>
Source Raz-Plus <br/>
650 ## - SUBJECT ADDED ENTRY--TOPICAL TERM
Topical term or geographic name entry element Barbara Walters
Form subdivision Non-fiction
650 ## - SUBJECT ADDED ENTRY--TOPICAL TERM
Topical term or geographic name entry element Women - United States - Biography
Form subdivision Non-fiction
700 ## - ADDED ENTRY--PERSONAL NAME
Personal name Bart-Horvath, Stephanie
Relator term Designer
942 ## - ADDED ENTRY ELEMENTS (KOHA)
Source of classification or shelving scheme Dewey Decimal Classification
Koha item type Books
Suppress in OPAC No
Holdings
Withdrawn status Lost status Source of classification or shelving scheme Damaged status Not for loan Home library Current library Shelving location Date acquired Total Checkouts Full call number Barcode Date last seen Price effective from Koha item type
    Dewey Decimal Classification     Footprints International School Library Network Toul Tom Poung Campus Footprints International School Library Network Toul Tom Poung Campus TTP Primary Orange Bookshelves 08/20/2025   HAR 305.4 HQ1410 .C67 FISTK02576 08/20/2025 08/20/2025 Books